00275nam a2200121Ia 4500008004100000020001500041041000800056082001200064100001500076245002900091260002400120300000900144220803s9999 xx 000 0 und d a1864501200 aeng a726 CUM aCummings J aBuddhist Stupain In Asia bLonely Planet Pub.  a173p